| 000 | 00544pam a2200157a 44500 | ||
|---|---|---|---|
| 008 | 230515b2018 xxu||||| |||| 00| 0 eng d | ||
| 020 | _aNULL | ||
| 041 | _aENGLISH | ||
| 082 | _a610.0 | ||
| 100 | _aMS. RASHMI SINGH | ||
| 245 | _aAN EXPERIMENTAL STUDY TO ASSESS THE EFFECTIVENESS OF MIND MAPPING VS. LECTURE METHOD ON KNOWLEDGE REGARDING MOOD DISORDER AMONG NURSING STUDENTS IN SELECTED NURSING COLLEGES OF PUNE CITY. | ||
| 250 | _a1 | ||
| 260 |
_aPUNE _bBHARATI VIDYAPEETH DEEMED UNIVERSITY, PUNE, _c2018 |
||
| 300 | _a93 | ||
| 650 | _aNULL | ||
| 999 |
_c532119 _d532119 |
||